| 000 | 00711nam a22002057a 4500 | ||
|---|---|---|---|
| 005 | 20100813162249.0 | ||
| 010 | _aENG-100367 | ||
| 020 |
_a9788190745529 _c125.00 |
||
| 035 | _aEN-83899 | ||
| 037 | _bDBAD/PUB | ||
| 082 | _a658.421082 | ||
| 100 |
_aVeerappan, S. _912950 |
||
| 245 |
_aWomen entrepreneurs development / _cby S. Veerappan |
||
| 260 |
_aPerambalur _bYazhuni Veliyeedu _c2008 |
||
| 270 |
_aVelur _bPerambalur _e621104 |
||
| 300 |
_a87p. _c20cm (pbk) |
||
| 650 |
_aWomen entrepreneurs _912951 |
||
| 942 |
_2ddc _cEN _h658.421082 _mVEE |
||
| 999 |
_c41748 _d41748 |
||